Time in the USA - Statistics

General Stats
  • This quiz has been taken 137 times
  • The average score is 4 of 12
Answer Stats
Question Answer % Correct
Who is permitted to use daylight saving time in Arizona if they choose? Native American communities
78%
The Standard Time Act of 1918 empowered what body to determine American time zones? The Interstate Commerce Commission
60%
Does everybody know what time it is? Tool Time
49%
The landmark clock outside the Kentucky State Capitol is principally made of what? flowers
46%
What can be found in Winnsboro, South Carolina? The oldest continuously running clock in the United States
42%
What is the name of the artwork in New York city that used to show current local time to a tenth of a second, but now counts down the time until the earth's carbon budget is used up? Metronome
34%
One O'Clock and Two O'Clock are summits in which state? Utah
34%
What was the initial slogan used to promote Time magazine? Take Time – It's Brief
27%
Who runs the National Watch and Clock Library in Columbia, Pennsylvania? National Association of Watch and Clock Collectors
22%
Mirabilis nyctaginea is a species of flowering plant indigenous to the central part of North America, and was used as a traditional medicine by the Pawnee. It has several common names, including: Wild four o'clock
22%
Which of the following is not a ragtime song from the 1890s? Michigan Rag
19%
The largest clock face in the United States is on which building? Duquesne Brewery, Pittsburgh
15%
No matching quizzes found
Score Distribution
Percent of People with Each Score
Percentile by Number Answered
Your Score History
You have not taken this quiz